Greek Gods Quiz Stats

 Plays Quiz not verified by Sporcle

Challenge
Share
Tweet
Embed
Score 0/45 Timer 05:00
0 Plays Today
HIint God % Correct
god of the Sky, wielded LightningZeus
100%
the vengeful queen of OlympusHera
88%
ruled the Sea, used the TridentPoseidon
86.3%
king of the Underworld, wore the helmetHaedes
86.3%
the other Letoide, the radiant, a sun godApollo
86.3%
god of WarAres
86.3%
the virgin twin, the HuntressArtemis
84.3%
sprung from Zeus's headAthena
82.4%
goddess of beautyAphrodite
82.4%
god of thieves, heralds, and diplomacyHermes
82.4%
goddess of the Harvest, the EarthDemeter
80.4%
the Eldest, Virgin, presided over the HearthHestia
80.4%
the ugly god of the forgeHephaestos
78.4%
god of wine, pleasure, and festivityDionysos
78.4%
queen of the Underworld, goddess of SpringPersephone
76.5%
Titan tyrant, overthrown by his childrenKronos
72.5%
carries the world on his shouldersAtlas
70.6%
Titaness of the MoonSelene
70.6%
The EarthGaia
70.6%
god of loveEros
70%
the satyr god of nature, mischiefPan
68.6%
Titan of the SunHelios
66.7%
god of sleepHypnos
64%
HIint God % Correct
Titan of foresight, stole fire for mankindPrometheus
62.7%
The Sky, castrated by his childrenOuranos
62.7%
goddess of VictoryNike
62.7%
god of dreamsMorpheus
62%
the RainbowIris
60.8%
Titan of the oceanOkeanos
58.8%
mother of the godsRhea
56.9%
3 one eyed giantsCyclopes
56.9%
DiscordEris
54.9%
mother of Apollo and ArtemisLeto
51%
goddess of harmonyHarmonia
50%
Titaness of the DawnEos
49%
goddess of youth, the cup bearerHebe
47.1%
Titan of light, and the EastHyperion
43.1%
The PittTartaros
41.2%
Titaness of the sea, mother of the riversTethys
39.2%
Titan of the North, master of the heavenly axisKoios
37.3%
Titan of hindsightEpimetheus
31.4%
Titan of the South, the RamKrios
31.4%
Titan of the WestIapetos
29.4%
The SeaPontos
25.5%
3 hundred--handed giantsHekatoncheires
9.8%

You're not logged in!

Compare scores with friends on all Sporcle quizzes.
Join for Free
OR
Log In

You Might Also Like...

Show Comments

Extras

Created Feb 27, 2013ReportNominate
Tags:Mythology Quiz, gods, Greek

Top Quizzes Today


Score Distribution

Your Account Isn't Verified!

In order to create a playlist on Sporcle, you need to verify the email address you used during registration. Go to your Sporcle Settings to finish the process.

Report this User

Report this user for behavior that violates our Community Guidelines.

Details: